|
|
|
|
| LEADER |
00977nam a2200265 a 4500 |
| 001 |
15284 |
| 003 |
BD-DhAAL |
| 005 |
20260106144051.0 |
| 008 |
091025r2006 ii a b 001 0 eng d |
| 020 |
|
|
|a 8170129001
|
| 040 |
|
|
|a STX
|c STX
|d BD-DhAAL
|
| 082 |
0 |
0 |
|a 340.1
|2 22
|
| 100 |
1 |
|
|a Mahajan, Vidya Dhar.
|9 40030
|
| 245 |
0 |
0 |
|a Jurisprudence and legal theory /
|c V.D. Mahajan.
|
| 250 |
|
|
|a Fifth edition
|
| 260 |
|
|
|a Lalbagh, Lucknow [India] :
|b Eastern Book Co.,
|c 2006 [reprinted].
|
| 300 |
|
|
|a xx, 742 pages :
|b illustrations ;
|c 22 cm.
|
| 504 |
|
|
|a Includes bibliographical references and index.
|
| 541 |
1 |
|
|e 00015284
|
| 650 |
|
0 |
|a Jurisprudence
|x History.
|9 40031
|
| 650 |
|
0 |
|a Law
|x History.
|9 40032
|
| 852 |
4 |
|
|a Ayesha Abed Library
|j General Stacks
|
| 942 |
|
|
|2 ddc
|c BK
|
| 999 |
|
|
|c 7805
|d 7805
|
| 952 |
|
|
|0 0
|1 0
|2 ddc
|4 0
|6 340_100000000000000_MAH_2006
|7 0
|9 8674
|a BRACUL
|b BRACUL
|c GEN
|d 2010-03-18
|l 24
|m 75
|o 340.1 MAH
|p 3010015284
|q 2026-06-02
|r 2026-05-11
|s 2026-05-11
|t 1
|w 2010-03-18
|y BK
|